| 000 | 00660nam a22001697a 4500 | ||
|---|---|---|---|
| 008 | 130923t gt ||||| |||| 00| 0 spa d | ||
| 050 | 0 | 4 |
_aF1449 .B4 _bA97 1941 |
| 245 | 1 | 0 |
_aBelice : _c/ por el Doctor Francisco Asturias |
| 250 |
_aSegunda edición, _bAumentada |
||
| 260 |
_aGautemala, C.A. : _bTipografía Nacional.- Guatemala, Centro América _c1941. |
||
| 300 |
_a175 p. : _bmap. ; _c27 cm. |
||
| 440 | 0 |
_aPublicaciones de la revista de la Facultad de Ciencias Jurídicas y Sociales ; _nNo. 482 |
|
| 504 | _aIncluye índice y bibliografía | ||
| 650 | 7 |
_2LEMB _aBelice _xHistoria |
|
| 650 |
_2LEMB _aBelice _xDescripción y viajes |
||
| 942 |
_2lcc _cLIB |
||
| 999 |
_c41941 _d41941 |
||